[Event "Dhaka Sheikh Russel op"]
[Site "Dhaka"]
[Date "2021.10.26"]
[Round "8"]
[White "Simsek, Meltem"]
[Black "Manon, Reja Neer"]
[Result "1/2-1/2"]
[WhiteElo "1768"]
[BlackElo "2139"]
[PlyCount "60"]
[EventDate "2021.10.19"]
[EventType "swiss"]
[EventRounds "9"]
[EventCountry "BAN"]
[SourceTitle "EXT 2023"]
[Source "ChessBase"]
[SourceDate "2022.10.05"]
[SourceVersion "1"]
[SourceVersionDate "2022.10.05"]
[SourceQuality "1"]

1. c4 e5 2. Nc3 Nc6 3. g3 g6 4. Bg2 Bg7 5. e3 d6 6. Nge2 Be6 7. d3 Nge7 8. 0-0 0-0 9. Nd5 Rb8 10. Nec3 Qd7 11. Re1 f5 12. Rb1 a6 13. b4 b5 14. a3 bxc4 15. dxc4 e4 16. Bb2 Ne5 17. Nxe7+ Qxe7 18. Nd5 Qf7 19. Bxe5 Bxe5 20. Bf1 c6 21. Nf4 Bxc4 22. Bxc4 Qxc4 23. Rc1 Qb5 24. Qb3+ d5 25. Rc2 Rfc8 26. Rec1 Bxf4 27. gxf4 Rc7 28. Rc5 Qb6 29. Qc3 Rbc8 30. Qf6 Qb7 1/2-1/2

[Event "Dhaka Sheikh Russel op"]
[Site "Dhaka"]
[Date "2021.10.21"]
[Round "3"]
[White "Ikramul, Haque Siam"]
[Black "Simsek, Meltem"]
[Result "1/2-1/2"]
[WhiteElo "2054"]
[BlackElo "1768"]
[PlyCount "128"]
[EventDate "2021.10.19"]
[EventType "swiss"]
[EventRounds "9"]
[EventCountry "BAN"]
[SourceTitle "CBM 204 Extra"]
[Source "ChessBase"]
[SourceDate "2021.11.30"]
[SourceVersion "1"]
[SourceVersionDate "2021.11.30"]
[SourceQuality "1"]

1. d4 Nf6 2. Bg5 c5 3. Bxf6 gxf6 4. d5 Qb6 5. Qc1 f5 6. c4 Bg7 7. Nc3 d6 8. e3 Nd7 9. Qc2 Ne5 10. Be2 Bd7 11. Nf3 h5 12. h4 Nxf3+ 13. Bxf3 Qb4 14. Be2 0-0-0 15. a3 Qa5 16. g3 e5 17. f4 exf4 18. gxf4 Rde8 19. Rh3 Bf6 20. Bd3 Qd8 21. 0-0-0 Bxh4 22. Bxf5 Bf6 23. Rdh1 h4 24. Bxd7+ Qxd7 25. Ne4 Bd8 26. b4 cxb4 27. axb4 Kb8 28. Kb2 f5 29. Nd2 Bf6+ 30. Kb3 Rhg8 31. Qd3 Rg2 32. R1h2 Reg8 33. Nf3 a5 34. bxa5 Qc7 35. Rxg2 Rxg2 36. Rh2 Rxh2 37. Nxh2 Qxa5 38. Nf3 Qb6+ 39. Kc2 Qb2+ 40. Kd1 Qa1+ 41. Ke2 Qh1 42. Kf2 Qh3 43. Qf1 Qg3+ 44. Ke2 h3 45. Ng1 Qg4+ 46. Kd3 h2 47. Nf3 Qg3 48. Qh1 Qf2 49. Nxh2 Qb2 50. Nf1 Qc3+ 51. Ke2 Qxc4+ 52. Kf2 Qc2+ 53. Kg1 Bc3 54. Qh4 Bb4 55. Qd8+ Ka7 56. Ng3 Qd1+ 57. Kh2 Qd3 58. Qd7 Bc3 59. Nxf5 Qd2+ 60. Kg3 Qe1+ 61. Kf3 Qf1+ 62. Kg3 Qg1+ 63. Kf3 Qf1+ 64. Kg3 Qe1+ 1/2-1/2

[Event "Dhaka Sheikh Russel op"]
[Site "Dhaka"]
[Date "2021.10.20"]
[Round "2"]
[White "Simsek, Meltem"]
[Black "Mohammed Abdul, Malek"]
[Result "0-1"]
[WhiteElo "1768"]
[BlackElo "2112"]
[PlyCount "96"]
[EventDate "2021.10.19"]
[EventType "swiss"]
[EventRounds "9"]
[EventCountry "BAN"]
[SourceTitle "CBM 204 Extra"]
[Source "ChessBase"]
[SourceDate "2021.11.30"]
[SourceVersion "1"]
[SourceVersionDate "2021.11.30"]
[SourceQuality "1"]

1. c4 e6 2. Nc3 d5 3. d4 Nf6 4. Bg5 c6 5. e3 Nbd7 6. Nf3 h6 7. Bh4 Bd6 8. cxd5 exd5 9. Bd3 0-0 10. Rc1 Re8 11. 0-0 Qa5 12. a3 b5 13. Bg3 Bxg3 14. hxg3 Bb7 15. Nd2 a6 16. Nb3 Qb6 17. Nc5 Nxc5 18. dxc5 Qxc5 19. Nxb5 Qe7 20. Nd4 c5 21. Nf5 Qc7 22. Qc2 Rac8 23. Rfd1 c4 24. Be2 Qb6 25. Qc3 Rb8 26. Qd4 Bc8 27. Qxb6 Rxb6 28. Nd4 Bd7 29. Bf3 Rxb2 30. Rb1 Reb8 31. Rxb2 Rxb2 32. Ne2 Be6 33. Nc3 Rb3 34. Nxd5 Nxd5 35. Bxd5 Bxd5 36. Rxd5 Rxa3 37. Kf1 a5 38. Rc5 c3 39. Ke2 Ra2+ 40. Ke1 c2 41. g4 a4 42. f3 a3 43. Kd2 c1Q+ 44. Kxc1 Rxg2 45. Ra5 a2 46. f4 Rxg4 47. Rxa2 Rg1+ 48. Kb2 Rg2+ 0-1

[Event "Dhaka Sheikh Russel op"]
[Site "Dhaka"]
[Date "2021.10.19"]
[Round "1"]
[White "Kislinsky, Alexey"]
[Black "Simsek, Meltem"]
[Result "1-0"]
[WhiteElo "2335"]
[BlackElo "1768"]
[PlyCount "49"]
[EventDate "2021.10.19"]
[EventType "swiss"]
[EventRounds "9"]
[EventCountry "BAN"]
[SourceTitle "CBM 204 Extra"]
[Source "ChessBase"]
[SourceDate "2021.11.30"]
[SourceVersion "1"]
[SourceVersionDate "2021.11.30"]
[SourceQuality "1"]

1. e4 c5 2. c3 Nf6 3. e5 Nd5 4. Bc4 e6 5. d4 cxd4 6. cxd4 d6 7. Nf3 Nc6 8. 0-0 Be7 9. exd6 Bxd6 10. Nc3 Nxc3 11. bxc3 0-0 12. Re1 Qc7 13. Bd3 g6 14. Qd2 Rd8 15. Qh6 Bf8 16. Qh4 Bg7 17. Bg5 Re8 18. Rad1 Ne7 19. c4 b5 20. d5 bxc4 21. d6 Qxd6 22. Be4 Qc5 23. Bxe7 Qxe7 24. Qxe7 Rxe7 25. Rd8+ 1-0

[Event "TUR-chT Clubs"]
[Site "Konya"]
[Date "2019.07.19"]
[Round "6.2"]
[White "Yanik, Emine"]
[Black "Simsek, Meltem"]
[Result "0-1"]
[WhiteElo "1911"]
[BlackElo "1684"]
[PlyCount "54"]
[EventDate "2019.07.16"]
[EventType "team-swiss"]
[EventRounds "9"]
[EventCountry "TUR"]
[SourceTitle "CBM 191 Extra"]
[Source "ChessBase"]
[SourceDate "2019.09.30"]
[SourceVersion "1"]
[SourceVersionDate "2019.09.30"]
[SourceQuality "1"]
[WhiteTeam "Krater Genclik"]
[BlackTeam "Duzce AS Genclik"]
[WhiteTeamCountry "TUR"]
[BlackTeamCountry "TUR"]

1. d4 Nf6 2. Nf3 d5 3. e3 g6 4. Bd3 Bg7 5. Nbd2 0-0 6. b3 c6 7. Bb2 Nbd7 8. 0-0 Re8 9. c4 e5 10. dxe5 Ng4 11. cxd5 Ndxe5 12. Nxe5 Nxe5 13. Bc2 Qxd5 14. e4 Qd6 15. Rb1 Bg4 16. f3 Be6 17. Kh1 Rad8 18. Bxe5 Bxe5 19. Nc4 Qc7 20. Qc1 Bf4 21. Qa3 b5 22. Na5 Rd2 23. Bd1 Bxh2 24. Rb2 Red8 25. Nxc6 Rxd1 26. Rb1 Rxf1+ 27. Rxf1 Qxc6 0-1

[Event "TUR-chT Clubs"]
[Site "Konya"]
[Date "2019.07.18"]
[Round "5.2"]
[White "Simsek, Meltem"]
[Black "Temel, Burcu Melis"]
[Result "1/2-1/2"]
[WhiteElo "1684"]
[BlackElo "1790"]
[PlyCount "84"]
[EventDate "2019.07.16"]
[EventType "team-swiss"]
[EventRounds "9"]
[EventCountry "TUR"]
[SourceTitle "CBM 191 Extra"]
[Source "ChessBase"]
[SourceDate "2019.09.30"]
[SourceVersion "1"]
[SourceVersionDate "2019.09.30"]
[SourceQuality "1"]
[WhiteTeam "Duzce AS Genclik"]
[BlackTeam "Bitlis Dernegi"]
[WhiteTeamCountry "TUR"]
[BlackTeamCountry "TUR"]

1. Nf3 c5 2. c4 Nc6 3. g3 g6 4. Bg2 Bg7 5. 0-0 e5 6. d3 Nge7 7. Nc3 0-0 8. Rb1 d6 9. a3 a5 10. Bd2 Rb8 11. e3 h6 12. Nb5 Be6 13. Qc2 b6 14. Rfd1 d5 15. b4 axb4 16. axb4 cxb4 17. Bxb4 Nxb4 18. Rxb4 Nc6 19. Ra4 Na5 20. cxd5 Bxd5 21. Rb4 Qe7 22. Qb1 Rfc8 23. d4 Bf8 24. Rb2 Nc4 25. Re2 e4 26. Nd2 f5 27. Nxc4 Bxc4 28. Rb2 Ra8 29. Bf1 Bd5 30. Rc1 Qd7 31. Rxc8 Rxc8 32. Rc2 Rxc2 33. Qxc2 Qc6 34. Qxc6 Bxc6 35. Bc4+ Kg7 36. Kf1 Bb4 37. Ke2 Kf6 38. Nc7 Ke7 39. Nd5+ Bxd5 40. Bxd5 Kf6 41. h3 Kg5 42. Bc6 Ba5 1/2-1/2

[Event "TUR-chT Clubs"]
[Site "Konya"]
[Date "2019.07.16"]
[Round "1.2"]
[White "Simsek, Meltem"]
[Black "Tasdelen, Buket"]
[Result "1-0"]
[WhiteElo "1684"]
[BlackElo "1110"]
[PlyCount "71"]
[EventDate "2019.07.16"]
[EventType "team-swiss"]
[EventRounds "9"]
[EventCountry "TUR"]
[SourceTitle "CBM 191 Extra"]
[Source "ChessBase"]
[SourceDate "2019.09.30"]
[SourceVersion "1"]
[SourceVersionDate "2019.09.30"]
[SourceQuality "1"]
[WhiteTeam "Duzce AS Genclik"]
[BlackTeam "Tusas Dernegi"]
[WhiteTeamCountry "TUR"]
[BlackTeamCountry "TUR"]

1. c4 e5 2. Nc3 Nf6 3. g3 Nc6 4. Bg2 a6 5. e3 d6 6. Nge2 Be7 7. 0-0 0-0 8. b3 Rb8 9. d4 exd4 10. Nxd4 Nxd4 11. exd4 Re8 12. Re1 h6 13. Qd3 Bg4 14. h3 Bh5 15. f4 Qd7 16. f5 Qc8 17. g4 Bxg4 18. hxg4 Nxg4 19. Nd5 Qd7 20. Qg3 c6 21. Nxe7+ Rxe7 22. Rxe7 Qxe7 23. Qxg4 Qf6 24. Bd2 c5 25. Bc3 Qe7 26. Re1 Qg5 27. Qxg5 hxg5 28. dxc5 dxc5 29. Re7 b6 30. Bd5 Rf8 31. Ra7 Kh7 32. Rxf7 Rxf7 33. Bxf7 Kh6 34. Kg2 g4 35. Bg6 b5 36. Bd2# 1-0

[Event "TUR-ch (Women)"]
[Site "Antalya"]
[Date "2019.03.09"]
[Round "9"]
[White "Gorcuk, Ozgu"]
[Black "Simsek, Meltem"]
[Result "0-1"]
[WhiteElo "1277"]
[BlackElo "1700"]
[PlyCount "148"]
[EventDate "2019.03.03"]
[EventType "swiss"]
[EventRounds "9"]
[EventCountry "TUR"]
[SourceTitle "CBM 189 Extra"]
[Source "ChessBase"]
[SourceDate "2019.06.03"]
[SourceVersion "1"]
[SourceVersionDate "2019.06.03"]
[SourceQuality "1"]

1. d4 Nf6 2. Nf3 c5 3. e3 Qc7 4. Nbd2 e6 5. b3 b6 6. Bb2 Be7 7. Bd3 Bb7 8. 0-0 d6 9. e4 cxd4 10. Nxd4 a6 11. f4 Nbd7 12. Kh1 Nc5 13. Qe2 d5 14. e5 Nfe4 15. Bxe4 Nxe4 16. Nxe4 dxe4 17. Qh5 g6 18. Qe2 Rc8 19. c4 Bc5 20. Nc2 Rd8 21. Rad1 0-0 22. Nd4 Rd7 23. Bc3 Rfd8 24. Qb2 e3 25. Rfe1 Bxd4 26. Rxd4 Rxd4 27. Bxd4 Qc6 28. Bxe3 Qe4 29. Qf2 Rd3 30. Bxb6 Qf5 31. Be3 h5 32. Kg1 Qg4 33. h3 Qf5 34. Kh2 Qe4 35. Bc1 Qc6 36. Bb2 a5 37. Rg1 a4 38. Qc2 Qe4 39. Qf2 axb3 40. axb3 Rxb3 41. c5 Qb4 42. Bd4 Rd3 43. Be3 Qb3 44. Re1 Rc3 45. Rc1 Rxe3 46. c6 Bc8 47. c7 Rd3 48. Qa7 Rxh3+ 49. gxh3 Qb2+ 50. Kg3 h4+ 51. Kf3 Qxc1 52. Qb8 Qc6+ 53. Ke3 Qb7 54. Kd4 Kf8 55. Kc5 Ke8 56. Qxb7 Bxb7 57. Kd6 Bc8 58. Kc6 Ke7 59. Kc5 Kd7 60. Kb6 Ke7 61. Kc5 f6 62. exf6+ Kxf6 63. Kd4 Kf5 64. Ke3 Bb7 65. Kf2 Kxf4 66. c8Q Bxc8 67. Ke2 e5 68. Kd3 Bxh3 69. Kc4 e4 70. Kd5 e3 71. Kd4 e2 72. Kd5 e1Q 73. Kc5 Ke5 74. Kc4 Qd2 0-1

[Event "TUR-ch (Women)"]
[Site "Antalya"]
[Date "2019.03.06"]
[Round "6"]
[White "Kiziltas, Ece Su"]
[Black "Simsek, Meltem"]
[Result "1/2-1/2"]
[WhiteElo "1395"]
[BlackElo "1700"]
[PlyCount "125"]
[EventDate "2019.03.03"]
[EventType "swiss"]
[EventRounds "9"]
[EventCountry "TUR"]
[SourceTitle "CBM 189 Extra"]
[Source "ChessBase"]
[SourceDate "2019.06.03"]
[SourceVersion "1"]
[SourceVersionDate "2019.06.03"]
[SourceQuality "1"]

1. Nf3 g6 2. d4 Bg7 3. g3 d6 4. Bg2 Nd7 5. 0-0 e5 6. dxe5 dxe5 7. c4 Ne7 8. Nc3 c6 9. e4 0-0 10. Qd6 Nb6 11. Qc5 f6 12. Rd1 Qe8 13. b3 Qf7 14. Ba3 Re8 15. Rd3 Bf8 16. Qa5 Be6 17. c5 Nd7 18. Rad1 b6 19. Qa4 Nxc5 20. Bxc5 bxc5 21. Nd2 Reb8 22. Nc4 Rb4 23. Nd6 Rxa4 24. Nxf7 Rd4 25. Nd6 Rd8 26. Nb7 Rxd3 27. Nxd8 Rxd1+ 28. Nxd1 Bc8 29. Bf1 Bh6 30. Bc4+ Kf8 31. Ne6+ Bxe6 32. Bxe6 Ke8 33. Nb2 Kd8 34. Na4 Kc7 35. Nxc5 Kd6 36. b4 a5 37. Bb3 axb4 38. Nd3 Bd2 39. Kf1 Bc3 40. Ke2 f5 41. f3 g5 42. h3 h5 43. g4 hxg4 44. hxg4 fxe4 45. fxe4 Ng6 46. Kf3 Nf4 47. Nf2 Be1 48. Nd1 Bd2 49. Nb2 Kc5 50. Nc4 Bc3 51. Na5 Kb5 52. Nc4 Kc5 53. Na5 Nd3 54. Ke3 Nc1 55. Nc4 Bd4+ 56. Kd2 Nxb3+ 57. axb3 Bc3+ 58. Kd3 Bd4 59. Kd2 Ba1 60. Kd3 Bd4 61. Kd2 Bc3+ 62. Kd3 Ba1 63. Na5 1/2-1/2

[Event "TUR-chT2"]
[Site "Konya"]
[Date "2018.07.14"]
[Round "8.6"]
[White "Bektas, Yaren"]
[Black "Simsek, Meltem"]
[Result "0-1"]
[WhiteElo "1173"]
[BlackElo "1735"]
[PlyCount "46"]
[EventDate "2018.07.10"]
[EventType "team-swiss"]
[EventRounds "9"]
[EventCountry "TUR"]
[SourceTitle "EXT 2019"]
[Source "ChessBase"]
[SourceDate "2018.10.10"]
[SourceVersion "1"]
[SourceVersionDate "2018.10.10"]
[SourceQuality "1"]
[WhiteTeam "Genclik Mudurlugu"]
[BlackTeam "Duzce Duzcespor"]
[WhiteTeamCountry "TUR"]
[BlackTeamCountry "TUR"]

1. e4 c5 2. Nc3 Nc6 3. f4 g6 4. Nf3 Bg7 5. Bb5 Nd4 6. Nxd4 cxd4 7. Ne2 a6 8. Ba4 b5 9. Bb3 Bb7 10. d3 Rc8 11. 0-0 e6 12. f5 gxf5 13. exf5 Qb6 14. fxe6 dxe6 15. Bd2 Nh6 16. Qe1 Qc6 17. Qf2 Nf5 18. Qf3 Qxf3 19. gxf3 Nh4 20. Bf4 Nxf3+ 21. Kf2 e5 22. Bg3 Bh6 23. Ng1 Be3+ 0-1

[Event "TUR-chT2"]
[Site "Konya"]
[Date "2018.07.12"]
[Round "5.8"]
[White "Simsek, Meltem"]
[Black "Kaya, Sanem"]
[Result "1-0"]
[WhiteElo "1735"]
[BlackElo "1161"]
[PlyCount "49"]
[EventDate "2018.07.10"]
[EventType "team-swiss"]
[EventRounds "9"]
[EventCountry "TUR"]
[SourceTitle "EXT 2019"]
[Source "ChessBase"]
[SourceDate "2018.10.10"]
[SourceVersion "1"]
[SourceVersionDate "2018.10.10"]
[SourceQuality "1"]
[WhiteTeam "Duzce Duzcespor"]
[BlackTeam "Burdur Belediyesi"]
[WhiteTeamCountry "TUR"]
[BlackTeamCountry "TUR"]

1. c4 e5 2. Nc3 Nc6 3. g3 Bc5 4. e3 Nf6 5. Bg2 Ne7 6. d4 exd4 7. exd4 Bb4 8. Nge2 c6 9. 0-0 h6 10. a3 Bxc3 11. Nxc3 d5 12. cxd5 Nfxd5 13. Nxd5 Nxd5 14. Re1+ Ne7 15. d5 cxd5 16. Qxd5 0-0 17. Qxd8 Rxd8 18. Bxh6 Be6 19. Bg5 Rd7 20. Rad1 Rad8 21. Rxd7 Rxd7 22. Rc1 b6 23. h4 g6 24. Bf6 Nd5 25. Rc8+ 1-0

[Event "TUR-chT 2nd League"]
[Site "Konya"]
[Date "2017.07.23"]
[Round "9.1"]
[White "Kahya, Gizem"]
[Black "Simsek, Meltem"]
[Result "1/2-1/2"]
[WhiteElo "1634"]
[BlackElo "1752"]
[PlyCount "65"]
[EventDate "2017.07.17"]
[EventType "team-swiss"]
[EventRounds "9"]
[EventCountry "TUR"]
[SourceTitle "CBM 179 Extra"]
[Source "ChessBase"]
[SourceDate "2017.08.23"]
[SourceVersion "1"]
[SourceVersionDate "2017.08.23"]
[SourceQuality "1"]
[WhiteTeam "Malatya Yesilyurt"]
[BlackTeam "Berk Tugra Caliskan"]
[WhiteTeamCountry "TUR"]
[BlackTeamCountry "TUR"]

1. d4 d5 2. c4 c6 3. cxd5 cxd5 4. Nc3 Nc6 5. Nf3 Nf6 6. Bf4 Bf5 7. e3 e6 8. Bd3 Bxd3 9. Qxd3 Bd6 10. Bxd6 Qxd6 11. 0-0 0-0 12. Rfc1 Rfc8 13. h3 h6 14. Ne2 Ne7 15. Rxc8+ Rxc8 16. Rc1 Rxc1+ 17. Nxc1 Nd7 18. Ne2 Qc7 19. Qc3 Qxc3 20. Nxc3 a6 21. Kf1 Kf8 22. Ke2 Ke8 23. Kd3 Nc6 24. a3 Ke7 25. Nd2 Kd6 26. Nb3 f6 27. f3 g6 28. Nd2 Ne7 29. g3 h5 30. b3 Nc6 31. Ndb1 b6 32. Nd2 Ne7 33. Ndb1 1/2-1/2

[Event "TUR-chT 2nd League"]
[Site "Konya"]
[Date "2017.07.22"]
[Round "8.1"]
[White "Simsek, Meltem"]
[Black "Boy, Melike"]
[Result "1-0"]
[WhiteElo "1752"]
[BlackElo "1265"]
[PlyCount "71"]
[EventDate "2017.07.17"]
[EventType "team-swiss"]
[EventRounds "9"]
[EventCountry "TUR"]
[SourceTitle "CBM 179 Extra"]
[Source "ChessBase"]
[SourceDate "2017.08.23"]
[SourceVersion "1"]
[SourceVersionDate "2017.08.23"]
[SourceQuality "1"]
[WhiteTeam "Berk Tugra Caliskan"]
[BlackTeam "Samsun Gercek"]
[WhiteTeamCountry "TUR"]
[BlackTeamCountry "TUR"]

1. c4 Nf6 2. Nc3 g6 3. g3 Bg7 4. Bg2 0-0 5. e3 d6 6. Nge2 Nbd7 7. 0-0 c6 8. Rb1 Qc7 9. b3 Re8 10. d4 e5 11. Bb2 Kh8 12. h3 Ng8 13. dxe5 dxe5 14. Ne4 Bf8 15. Qd2 Nc5 16. Nxc5 Bxc5 17. b4 Bf8 18. f4 Bg7 19. fxe5 Bxe5 20. Bxe5+ Qxe5 21. Qd4 Qxd4 22. Nxd4 Rxe3 23. Rxf7 Rxg3 24. Nf3 Bxh3 25. Kh2 Be6 26. Rxb7 Rg4 27. Bh3 Re4 28. Ng5 Re2+ 29. Kg3 Nf6 30. Bxe6 Ne4+ 31. Nxe4 Rxe4 32. Bf7 h5 33. Rd1 Rf8 34. Rdd7 Rg4+ 35. Kf3 g5 36. Ke3 1-0

[Event "TUR-chT 2nd League"]
[Site "Konya"]
[Date "2017.07.17"]
[Round "1.2"]
[White "Ozaltun, Ecem"]
[Black "Simsek, Meltem"]
[Result "0-1"]
[WhiteElo "1567"]
[BlackElo "1752"]
[PlyCount "88"]
[EventDate "2017.07.17"]
[EventType "team-swiss"]
[EventRounds "9"]
[EventCountry "TUR"]
[SourceTitle "CBM 179 Extra"]
[Source "ChessBase"]
[SourceDate "2017.08.23"]
[SourceVersion "1"]
[SourceVersionDate "2017.08.23"]
[SourceQuality "1"]
[WhiteTeam "Ordu Gul Bahcesi"]
[BlackTeam "Berk Tugra Caliskan"]
[WhiteTeamCountry "TUR"]
[BlackTeamCountry "TUR"]

1. d4 Nf6 2. Nf3 c5 3. e3 Qc7 4. b3 b6 5. Bb2 Bb7 6. Bd3 d6 7. Nbd2 Nbd7 8. Rc1 g6 9. c4 Bg7 10. d5 0-0 11. Qc2 b5 12. 0-0 b4 13. Rfe1 e5 14. e4 Nb6 15. Rcd1 Nh5 16. g3 Bc8 17. Nf1 a5 18. Ne3 a4 19. Bc1 Bh3 20. Ng5 Bd7 21. Be2 h6 22. Bxh5 hxg5 23. Bg4 Bxg4 24. Nxg4 Qd7 25. Qe2 f5 26. exf5 gxf5 27. Ne3 f4 28. Nc2 axb3 29. axb3 Qh3 30. Qd3 Ra2 31. Rd2 Rf6 32. Qf1 Qh7 33. Qe2 f3 34. Qd3 Qxd3 35. Rxd3 Rxc2 36. Bxg5 Rf5 37. Bd8 Nd7 38. Rb1 Kf8 39. Bc7 Ke7 40. h4 e4 41. Re3 Nf6 42. g4 Rf4 43. g5 Ng4 44. Rf1 Nxe3 0-1

[Event "TUR-ch (Women)"]
[Site "Aksu"]
[Date "2017.03.09"]
[Round "6"]
[White "Simsek, Meltem"]
[Black "Sural, Ceren"]
[Result "1-0"]
[WhiteElo "1737"]
[BlackElo "1463"]
[PlyCount "108"]
[EventDate "2017.03.06"]
[EventType "swiss"]
[EventRounds "9"]
[EventCountry "TUR"]
[SourceTitle "CBM 177 Extra"]
[Source "ChessBase"]
[SourceDate "2017.04.27"]
[SourceVersion "1"]
[SourceVersionDate "2017.04.27"]
[SourceQuality "1"]

1. c4 f5 2. Nc3 Nf6 3. g3 e6 4. Bg2 d5 5. cxd5 exd5 6. Nf3 c6 7. 0-0 Be7 8. d3 0-0 9. e4 dxe4 10. dxe4 Qxd1 11. Rxd1 Nxe4 12. Nxe4 fxe4 13. Ng5 Bxg5 14. Bxg5 Bg4 15. Rd4 Bf3 16. Bf1 h6 17. Bc4+ Kh8 18. Bf4 a5 19. Rc1 Na6 20. Bxa6 Rxa6 21. Rd7 Rb6 22. Be5 Rg8 23. Rc5 Rb5 24. Rxb5 cxb5 25. Rxb7 e3 26. Rb6 Re8 27. Bxg7+ Kxg7 28. fxe3 Re5 29. Kf2 Bg4 30. e4 b4 31. Ke3 Bh3 32. Kd4 Re6 33. Rb5 Ra6 34. Rc5 Be6 35. a3 bxa3 36. bxa3 a4 37. h4 Kf6 38. Rh5 Kg6 39. Rc5 Rb6 40. Ke5 Bd7 41. Rc7 Be6 42. Kf4 Rb3 43. g4 Bf7 44. e5 Rb6 45. h5+ Kg7 46. Ra7 Rc6 47. Rxa4 Rc4+ 48. Rxc4 Bxc4 49. a4 Kf7 50. a5 Ke6 51. g5 hxg5+ 52. Kxg5 Kxe5 53. h6 Bd3 54. a6 Kd5 1-0

[Event "TUR Cup"]
[Site "Antalya"]
[Date "2017.01.29"]
[Round "3"]
[White "Dogan, Ali Ekber"]
[Black "Simsek, Meltem"]
[Result "1-0"]
[WhiteElo "2176"]
[BlackElo "1733"]
[PlyCount "115"]
[EventDate "2017.01.28"]
[EventType "swiss"]
[EventRounds "11"]
[EventCountry "TUR"]
[SourceTitle "CBM 176 Extra"]
[Source "ChessBase"]
[SourceDate "2017.03.02"]
[SourceVersion "1"]
[SourceVersionDate "2017.03.02"]
[SourceQuality "1"]

1. d4 Nf6 2. c4 e5 3. dxe5 Ng4 4. Bf4 g5 5. Bg3 Bg7 6. Nf3 Nc6 7. Nc3 Ngxe5 8. Nxe5 Nxe5 9. e3 h5 10. h4 g4 11. Be2 d6 12. Qd2 Be6 13. b3 Qf6 14. Rc1 0-0-0 15. Nd5 Bxd5 16. cxd5 Kb8 17. Qb4 Nd7 18. 0-0 Nb6 19. Rfd1 Qb2 20. Qd2 Qxd2 21. Rxd2 Rhe8 22. Bf4 Be5 23. g3 Re7 24. Kg2 Bxf4 25. gxf4 Nd7 26. Rd4 Nf6 27. Bd3 Rg8 28. Kg3 Rge8 29. Rcc4 a5 30. Ra4 b6 31. Bb5 c5 32. dxc6 Kc7 33. Bd3 d5 34. b4 axb4 35. Rdxb4 Rxe3+ 36. fxe3 Rxe3+ 37. Kg2 Rxd3 38. Ra7+ Kxc6 39. Rxf7 Ne4 40. Rb2 Rg3+ 41. Kf1 Rh3 42. Rc2+ Kd6 43. Kg2 Rxh4 44. Rh7 Rh3 45. Rh6+ Kd7 46. Rh7+ Kd6 47. Rh6+ Kd7 48. Rcc6 Rg3+ 49. Kh2 Rf3 50. Rcg6 Rxf4 51. Rh7+ Ke8 52. Rxb6 g3+ 53. Kg1 Rf7 54. Rb8+ Kd7 55. Rb7+ Ke6 56. Rbxf7 Ng5 57. Re7+ Kf6 58. Rxh5 1-0

[Event "Mersin op 1st"]
[Site "Mersin"]
[Date "2016.10.25"]
[Round "4"]
[White "Acar, Utku Cengiz"]
[Black "Simsek, Meltem"]
[Result "1-0"]
[WhiteElo "1903"]
[BlackElo "1729"]
[PlyCount "33"]
[EventDate "2016.10.23"]
[EventType "swiss"]
[EventRounds "9"]
[EventCountry "TUR"]
[SourceTitle "EXT 2018"]
[Source "ChessBase"]
[SourceDate "2017.10.13"]
[SourceVersion "1"]
[SourceVersionDate "2017.10.13"]
[SourceQuality "1"]

1. e4 c5 2. Nf3 Nc6 3. Bb5 Qb6 4. Nc3 e6 5. 0-0 a6 6. Bxc6 Qxc6 7. d4 b5 8. Re1 b4 9. Nd5 Ne7 10. Ne5 Qb7 11. Qf3 Nf5 12. exf5 Qxd5 13. Qxd5 exd5 14. Nc6+ Be7 15. Nxe7 Kd8 16. Nxd5 Bb7 17. Nb6 1-0

[Event "Skopje Karposh op"]
[Site "Skopje"]
[Date "2015.04.02"]
[Round "8"]
[White "Simsek, Meltem"]
[Black "Emmanouilidis, Athanasios"]
[Result "0-1"]
[WhiteElo "1683"]
[BlackElo "1946"]
[PlyCount "36"]
[EventDate "2015.03.27"]
[EventType "swiss"]
[EventRounds "9"]
[EventCountry "MKD"]
[SourceTitle "CBM 165 Extra"]
[Source "ChessBase"]
[SourceDate "2015.04.21"]
[SourceVersion "1"]
[SourceVersionDate "2015.04.21"]
[SourceQuality "1"]

1. d4 Nf6 2. c4 g6 3. Nc3 Bg7 4. e4 d6 5. Nf3 0-0 6. Be2 e5 7. Be3 exd4 8. Nxd4 Re8 9. f3 c6 10. Qd2 d5 11. cxd5 cxd5 12. Bb5 Bd7 13. exd5 Bxb5 14. Ndxb5 Bh6 15. Nd1 Qb6 16. Kf2 Bxe3+ 17. Nxe3 Qxb5 18. Qd4 Qb6 0-1

[Event "TUR-chT2"]
[Site "Konya"]
[Date "2014.06.28"]
[Round "8.4"]
[White "Simsek, Meltem"]
[Black "Mirzoeva, Elmira"]
[Result "0-1"]
[WhiteElo "1731"]
[BlackElo "2241"]
[PlyCount "102"]
[EventDate "2014.06.23"]
[EventType "team-swiss"]
[EventRounds "9"]
[EventCountry "TUR"]
[SourceTitle "CBM 161 Extra"]
[Source "ChessBase"]
[SourceDate "2014.08.29"]
[SourceVersion "1"]
[SourceVersionDate "2014.08.29"]
[SourceQuality "1"]
[WhiteTeam "Callica"]
[BlackTeam "Bursa"]
[WhiteTeamCountry "TUR"]
[BlackTeamCountry "TUR"]

1. d4 d5 2. c4 c6 3. Nc3 dxc4 4. a4 e5 5. Nf3 exd4 6. Nxd4 Bc5 7. e3 Bxd4 8. exd4 Be6 9. Be2 Nf6 10. Bg5 Nbd7 11. Qc2 Qa5 12. Bd2 Qb6 13. Be3 Qb3 14. Qxb3 cxb3 15. 0-0 Nb6 16. Bd1 0-0-0 17. a5 Nc4 18. Bxb3 Nxb2 19. Bxe6+ fxe6 20. Rfc1 Nc4 21. Bg5 h6 22. Bxf6 gxf6 23. Ne2 Nd6 24. Nf4 Rhe8 25. d5 exd5 26. Nxd5 Ne4 27. Nb4 Rd4 28. Rab1 Nd2 29. Rb2 Nc4 30. Ra2 Nxa5 31. Rxa5 Rxb4 32. Rxa7 Kb8 33. Ra5 Re5 34. Ra3 Rf5 35. Ra2 Kc7 36. h3 b5 37. Rac2 Kb6 38. Rxc6+ Ka5 39. R1c2 Rb1+ 40. Kh2 Rb3 41. Ra2+ Kb4 42. Raa6 Rxf2 43. Rxf6 Rxf6 44. Rxf6 h5 45. Rf5 h4 46. Rf4+ Kc3 47. Rf3+ Kc2 48. Rxb3 Kxb3 49. g4 Kc4 50. g5 Kd5 51. Kg2 b4 0-1

[Event "TUR-chT2"]
[Site "Konya"]
[Date "2014.06.26"]
[Round "6.1"]
[White "Atalik, Ekaterina"]
[Black "Simsek, Meltem"]
[Result "1-0"]
[WhiteElo "2433"]
[BlackElo "1731"]
[PlyCount "67"]
[EventDate "2014.06.23"]
[EventType "team-swiss"]
[EventRounds "9"]
[EventCountry "TUR"]
[SourceTitle "CBM 161 Extra"]
[Source "ChessBase"]
[SourceDate "2014.08.29"]
[SourceVersion "1"]
[SourceVersionDate "2014.08.29"]
[SourceQuality "1"]
[WhiteTeam "Kayseri Seker"]
[BlackTeam "Callica"]
[WhiteTeamCountry "TUR"]
[BlackTeamCountry "TUR"]

1. d4 Nf6 2. c4 e6 3. Nc3 Bb4 4. Qc2 b6 5. Bg5 Ba6 6. e3 Bxc3+ 7. Qxc3 c6 8. Nf3 Ne4 9. Bxd8 Nxc3 10. Bxb6 Na4 11. Bc7 d5 12. b3 Nc3 13. Ba5 Ne4 14. Bd3 Nf6 15. Ke2 0-0 16. Rhc1 Nbd7 17. Rc2 c5 18. cxd5 Bxd3+ 19. Kxd3 Nxd5 20. dxc5 Rac8 21. c6 Nb8 22. Rac1 Na6 23. a3 Nac7 24. Bxc7 Rxc7 25. b4 a6 26. Rc5 Rd8 27. Ke2 f6 28. Ra5 Ra8 29. Nd4 Ne7 30. b5 e5 31. b6 exd4 32. bxc7 Rc8 33. exd4 Rxc7 34. d5 1-0